| 000 | 00880nam a2200253Ia 4500 | ||
|---|---|---|---|
| 003 | OSt | ||
| 005 | 20221005104544.0 | ||
| 006 | a|||||r|||| 00| 0 | ||
| 007 | ta | ||
| 008 | 221004b |||||||| |||| 00| 0 hin d | ||
| 024 | _a109303 | ||
| 037 | _cTextual | ||
| 040 |
_aCRL _cCRL _bhin |
||
| 041 |
_2hin _ahin |
||
| 082 | _aO44:gN5, 152K7 | ||
| 100 | _aसर्वपल्ली राधाकृष्णन् | ||
| 245 | 0 | _aआज का भारतीय साहित्य | |
| 246 | _aĀj kā bhāratīya sāhitya | ||
| 260 |
_aदिल्ली _bराजपाल एण्ड सन्ज़ भारत _c1967 |
||
| 300 |
_a513पृ0 _ccm. |
||
| 650 | _aहिन्दी साहित्य | ||
| 942 |
_hO44:gN5, 152K7 _cTEXL _2cc |
||
| 999 |
_c1013079 _d1013079 |
||